Statistics for Guess the Country by National Motto #6

Click here to take the quiz!

General Stats

  • This quiz has been taken 4 times
  • The average score is 3 of 12

Answer Stats

MottoCountry% Correct
Liberty, equality, fraternityFrance
75%
Steady and happy for the unionPeru
50%
Unity, Work, ProgressBurundi
25%
Justice, Peace, WorkDemocratic Republic of the Congo
25%
God is the GreatestIraq
25%
God, The Nation, The EmirKuwait
25%
God, Homeland, Revolution, UnityYemen
25%
God, homeland, and freedomEcuador
0%
Unity, Struggle, ProgressGuinea-Bissau
0%
In God We TrustNicaragua
0%
God be the Foundation of ___Samoa
0%
To lead is to serveSolomon Islands
0%

Score Distribution

Percentile by Number Answered

Percent of People with Each Score

Your Score History

You have not taken this quiz